00464 2200193 4500001002100000005001500021035002000036008004100056245004200097100001800139250000600157260003600163300001100199084001400210082000800224650001400232990001200246990001200258INLIS00000000000031620240503081653 a0010-0424000292240503 0 ind 1 aPencemaran Lingkungan /cTri Haryanto aHaryanto, Tri a1 aJakarta :bCempaka Putih,c2017 a68 hlm a300 TRI p a300 4aNon Fiksi a0728765 a0728766